00750 2200217 4500001002100000005001500021035002000036007000300056008004100059020002200100082001000122084001600132100002200148245019700170250001000367260004300377300003600420650002700456700002700483700002200510INLIS00000000134516220240205093434 a0010-0224000143ta240205 0 ind  a978-623-93281-0-8 a950.1 a950.1 ZAI s0 aZainul Arifin,ddk1 aSemesta Singhasari :bWarisan Pengentahuaan Teknologi,Politik,dan tradisi dari peradaban tumapel hingga majapahit /cZainul Arifin,ddk; Cover, Rahardian Tegar Kusuma; Layout, Kamilia Sukmawati aCet.1 aMalang :bGramedia Pustaka umum,c2021 axvi+162 hlm. :bilus. ;c23 cm. 4aSejarah Awal Indonesia0 aRahardian Tegar Kusuma0 aKamilia Sukmawati